| LEADER | 00566nam a2200157 4500 | ||
|---|---|---|---|
| 082 | |a 420 |b W400R | ||
| 100 | |a Wordsworth, W | ||
| 245 | |a Selected poems |c William Wordsworth; Damian Walford Davies edited and introduced | ||
| 260 | |a Anh |b David Campbell |c 1994 | ||
| 300 | |a 523 tr. |c 21 cm | ||
| 520 | |a v...v | ||
| 653 | |a Ngôn ngữ | ||
| 653 | |a Tiếng Anh | ||
| 942 | |2 ddc |c SH | ||
| 999 | |c 4916 |d 4916 | ||
| 952 | |0 0 |1 0 |2 ddc |4 0 |6 420_000000000000000_W400R |7 0 |8 400 |9 45734 |a qbu |b qbu |c D4 |d 2014-12-20 |g 104000 |o 420 W400R |p 3199.C1 |r 0000-00-00 |w 2014-12-20 |y SH |0 0 |6 420_000000000000000_W400R | ||